World War II Heroes - Statistics

General Stats
  • This quiz has been taken 30 times
  • The average score is 5 of 10
Answer Stats
Question Answer % Correct
To which city Anne Frank escaped from the Nazis? Amsterdam
100%
What nationality was Odette Sansom, one of the most famous agents of World War II? French
80%
Which of the following WWII heroes was not a pilot? Audie Murphy
60%
What nationality was Nancy Wake, a member of French Resistance? Australian
60%
Which WWII hero was known as "super sniper"? Vasily Zaitsev
60%
Who was the only soldier to win the Victoria Cross medal twice in World War II? Charles Upham
40%
What nationality was Oskar Schindler, who helped save the lives of many Jews during the Holocaust? German
40%
What was Giorgio Perlasca famous for? Helped rescuing the Holocaust victims
20%
Which WWII hero was remembered for using a sword and a longbow in combat? Jack Churchill
20%
Why was Irene Sendler remembered? Smuggled more than 2,000 children out of ghettos
20%
No matching quizzes found
Score Distribution
Percent of People with Each Score
Percentile by Number Answered
Your Score History
You have not taken this quiz